000 00570nam a2200193Ia 4500
005 20250508170225.0
008 008 250505s9999 xx 000 0 eng d
037 _aDissertations
040 _aFEDL
_beng
_cFEDL
041 _aeng
_2eng
084 _a371.1, SIN/DI
_qFEDL
100 _aSingh Namita
245 0 _aSchool internship experiences of visually impaired pre- service teachers: A study
260 _c2023
300 _a97p.
546 _aM.Ed. Dissertation (Delhi University)
942 _cDIS
_h371.1, SIN/DI
999 _c1399884
_d1399884